000 00307nam a22001457a 4500
008 210308b ||||| |||| 00| 0 eng d
020 _a0805364692
041 _aeng
080 _a611
082 _a611
100 _a6
101 _aANA
245 _aAnatomy & Physiology
_cMarieb, E.N
942 _2udc
_cBK
999 _c55943
_d55943